| 000 | 00934cas a22002535a 4500 | ||
|---|---|---|---|
| 001 | L153680 | ||
| 008 | 110816c2011 xxkax ss eng u | ||
| 035 | _a(Sirsi) u153680 | ||
| 041 | 0 | _aeng | |
| 050 | _a333.33 $2 18 | ||
| 110 | 2 |
_aGVA _95945 |
|
| 245 | 0 | 0 |
_aRetail trends _h[electronic resource] |
| 260 |
_aLondon _bGVA _c2011- |
||
| 362 | 0 | _aSpring 2011- | |
| 490 | 0 |
_aGVA Retail Trends _vSpring 2011- |
|
| 520 | _aExamines key retail trends, past and future, and looks how these have shaped the retail sector and will continue to do so in the future. | ||
| 554 | _aOne per year? | ||
| 650 | 2 | 4 | _aGVA RETAIL TRENDS |
| 651 | 4 |
_aUnited Kingdom _y |
|
| 690 | _aPROPERTY-COMMERCIAL PROPERTY-COMMERCIAL PROPERTY FINANCE AND INVESTMENT | ||
| 690 | _aPROPERTY-COMMERCIAL PROPERTY-COMMERCIAL PROPERTY MARKET | ||
| 856 | 4 | 0 |
_uhttps://www.gva.co.uk/research/retail/ _zView the report free of charge at www.gva.co.uk |
| 942 | _n0 | ||
| 999 |
_c119353 _d119353 |
||